Microbiology and infection control for health professionals / (Record no. 108016)
[ view plain ]
| 000 -LEADER | |
|---|---|
| fixed length control field | 00477nam a22001697a 4500 |
| 005 - DATE AND TIME OF LATEST TRANSACTION | |
| control field | 20181005113422.0 |
| 008 - FIXED-LENGTH DATA ELEMENTS--GENERAL INFORMATION | |
| fixed length control field | 181005b ||||| |||| 00| 0 eng d |
| 020 ## - INTERNATIONAL STANDARD BOOK NUMBER | |
| International Standard Book Number | 9781486019144 |
| 040 ## - CATALOGING SOURCE | |
| Transcribing agency | PK-LaUMT |
| 082 ## - DEWEY DECIMAL CLASSIFICATION NUMBER | |
| Classification number | 616.9041 |
| Item number | LEE-M |
| 100 ## - MAIN ENTRY--PERSONAL NAME | |
| Personal name | Lee, Gary |
| 245 ## - TITLE STATEMENT | |
| Title | Microbiology and infection control for health professionals / |
| Statement of responsibility, etc | Gary Lee and Penny Bishop |
| 250 ## - EDITION STATEMENT | |
| Edition statement | 6th ed. |
| 260 ## - PUBLICATION, DISTRIBUTION, ETC. (IMPRINT) | |
| Place of publication, distribution, etc | Melbourne : |
| Name of publisher, distributor, etc | Pearson Australia, |
| Date of publication, distribution, etc | 2018 |
| 300 ## - PHYSICAL DESCRIPTION | |
| Extent | 612 p. |
| 942 ## - ADDED ENTRY ELEMENTS (KOHA) | |
| Koha item type | Books |
| Withdrawn status | Lost status | Damaged status | Home library | Current library | Date acquired | Full call number | Barcode | Date last seen | Price effective from | Koha item type | Copy number |
|---|---|---|---|---|---|---|---|---|---|---|---|
| UMT Main Campus | UMT Main Campus | 2018-10-05 | 616.9041 LEE-M | 123675 | 2020-01-11 | 2018-10-05 | Books | ||||
| UMT Main Campus | UMT Main Campus | 2019-04-17 | 616.9041 LEE-M | 129541 | 2021-03-03 | 2019-04-17 | Books | C. 2 | |||
| UMT Main Campus | UMT Main Campus | 2020-09-12 | 616.9041 LEE-M | 134781 | 2020-09-12 | 2020-09-12 | Books | C.3 |
